[Event "4NCL Division Four"]
[Site "Warwick, ENG"]
[Date "2023.04.29"]
[Round "9.64"]
[White "Chan, Michelle (Ngo Yu)"]
[Black "Michener, Max"]
[Result "1-0"]
[WhiteElo "1586"]
[BlackElo "1540"]
[PlyCount "65"]
[EventDate "2023.04.29"]
[WhiteTeam "She Plays To Win Lionesses"]
[BlackTeam "Barnet Knights C"]

1. e4 e5 2. Nf3 Nc6 3. Bc4 Bc5 4. c3 Nf6 5. d3 d6 6. O-O O-O 7. Re1 Bg4 8. h3 Bh5 9. Nbd2 h6 10. Nf1 Qd7 11. Ng3 Bg6 12. a4 a6 13. Nh4 Bh7 14. Qf3 Ne8 15. Nhf5 Ne7 16. Nxh6+ gxh6 17. Bxh6 Ng7 18. Qf6 Ne8 19. Qg5+ Ng6 20. Bxf8 Kxf8 21. Qh6+ Kg8 22. Nf5 c6 23. Qg5 d5 24. exd5 cxd5 25. Rxe5 Bxf2+ 26. Kxf2 dxc4 27. Re7 Qxd3 28. Nh6+ Kg7 29. Rxf7+ Kh8 30. Re1 Ng7 31. Rxg7 Kxg7 32. Re7+ Kh8 33. Qf6# 1-0

[Event "4NCL Division Four"]
[Site "Warwick, ENG"]
[Date "2023.04.29"]
[Round "9.65"]
[White "Lee, Xander"]
[Black "Acharya, Kandara"]
[Result "0-1"]
[WhiteElo "1439"]
[BlackElo "1558"]
[PlyCount "56"]
[EventDate "2023.04.29"]
[WhiteTeam "Barnet Knights C"]
[BlackTeam "She Plays To Win Lionesses"]

1. e4 c5 2. Nc3 g6 3. g3 Bg7 4. Bg2 Nc6 5. d3 Nf6 6. Be3 d6 7. Qd2 O-O 8. Bh6 Ng4 9. Bxg7 Kxg7 10. h4 h6 11. h5 g5 12. f4 f6 13. Nge2 Qb6 14. O-O-O Nf2 15. Nd5 Qd8 16. fxg5 fxg5 17. Nef4 Nxd1 18. Ng6 Rf2 19. Qxd1 Nb4 20. Nxb4 cxb4 21. Qg1 Qb6 22. Nxe7 Qc5 23. Qd1 Bg4 24. d4 Qc4 25. Nf5+ Bxf5 26. Kb1 Rc8 27. c3 bxc3 28. Qc1 Qd3+ 0-1

[Event "4NCL Division Four"]
[Site "Warwick, ENG"]
[Date "2023.04.29"]
[Round "9.66"]
[White "Jayawarna, Thisumi"]
[Black "Morin, Julian"]
[Result "1-0"]
[WhiteElo "1500"]
[BlackElo "1162"]
[PlyCount "71"]
[EventDate "2023.04.29"]
[WhiteTeam "She Plays To Win Lionesses"]
[BlackTeam "Barnet Knights C"]

1. e4 g6 2. d4 Bg7 3. Nf3 d6 4. Nc3 e6 5. Be2 Ne7 6. Be3 Bd7 7. Qd2 Nbc6 8. O-O O-O 9. Bh6 f5 10. e5 d5 11. a4 b6 12. Nd1 Nb8 13. b4 a6 14. a5 bxa5 15. Rxa5 Bb5 16. Bxb5 c6 17. Be2 Qb6 18. Bxg7 Kxg7 19. Ng5 Nd7 20. Nxe6+ Kf7 21. Nxf8 Nxf8 22. Nb2 Rb8 23. c3 Ne6 24. Rxa6 Qd8 25. Qh6 Ra8 26. Qxh7+ Ng7 27. g4 fxg4 28. e6+ Kf6 29. Qh4+ Kxe6 30. Bxg4+ Kf7 31. Rxa8 Qxa8 32. Nd3 c5 33. Ne5+ Kg8 34. Qxe7 Nf5 35. Qf7+ Kh8 36. Nxg6# 1-0

[Event "4NCL Division Four"]
[Site "Warwick, ENG"]
[Date "2023.04.29"]
[Round "9.71"]
[White "Latypov, Egor"]
[Black "Maciol, Ryszard"]
[Result "0-1"]
[WhiteElo "1816"]
[BlackElo "2153"]
[PlyCount "110"]
[EventDate "2023.04.29"]
[WhiteTeam "Anglian Avengers 2"]
[BlackTeam "Celtic Tigers 2"]

1. d4 Nf6 2. c4 e6 3. Nc3 Bb4 4. Nf3 O-O 5. Bg5 c5 6. d5 exd5 7. cxd5 Re8 8. e3 Qb6 9. Bxf6 Qxf6 10. Qc2 d6 11. Bd3 g6 12. O-O-O Bxc3 13. Qxc3 Qxc3+ 14. bxc3 Bg4 15. h3 Bxf3 16. gxf3 Re7 17. h4 Nd7 18. Kd2 Rc8 19. f4 c4 20. Be2 Rc5 21. Kc2 Nf6 22. Bf3 Kf8 23. h5 gxh5 24. Bxh5 Ra5 25. Kb2 Rb5+ 26. Kc2 Ra5 27. Kb2 Rxd5 28. Bf3 Rxd1 29. Rxd1 d5 30. Bxd5 Rd7 31. Bf3 Rxd1 32. Bxd1 Ne4 33. Bf3 f5 34. Kc2 Ke7 35. Bg2 b5 36. f3 Nc5 37. Bh3 Kf6 38. e4 fxe4 39. fxe4 Nxe4 40. Bd7 a6 41. a4 Nc5 42. Bc8 bxa4 43. Kb2 h5 44. Ka3 a5 45. Bh3 h4 46. Bg4 Ne4 47. Kxa4 Nxc3+ 48. Kxa5 Nd5 49. Ka4 Nxf4 50. Kb4 Nd5+ 51. Ka3 Ke5 52. Kb2 Kd4 53. Kc1 Nf4 54. Kd2 c3+ 55. Kd1 h3 0-1

[Event "4NCL Division Four"]
[Site "Warwick, ENG"]
[Date "2023.04.29"]
[Round "9.72"]
[White "Pedersen, Carsten"]
[Black "Llewellyn, Alan M"]
[Result "1-0"]
[WhiteElo "2101"]
[BlackElo "1627"]
[PlyCount "87"]
[EventDate "2023.04.29"]
[WhiteTeam "Celtic Tigers 2"]
[BlackTeam "Anglian Avengers 2"]

1. e4 d6 2. Nc3 Nf6 3. g3 Bg4 4. f3 Bd7 5. d4 e5 6. d5 h6 7. Nge2 b5 8. a3 c5 9. Be3 g5 10. Bg2 Na6 11. Qd2 b4 12. axb4 Nxb4 13. Nd1 Bb5 14. Nc1 a5 15. b3 Bg7 16. c3 Na6 17. Bf1 Bxf1 18. Kxf1 O-O 19. Kg2 Nh7 20. g4 Nb8 21. Nb2 Nd7 22. h4 f6 23. Ne2 Rb8 24. Ra3 Rb7 25. h5 Qc7 26. Rha1 Ra8 27. Nc1 Rba7 28. Nc4 f5 29. exf5 Bf6 30. Qd3 a4 31. Rxa4 Rxa4 32. Rxa4 Rxa4 33. bxa4 Qa7 34. Nxd6 Qxa4 35. Ne4 c4 36. Qd2 Bd8 37. d6 Bb6 38. Bxb6 Nxb6 39. Na2 Kf7 40. Nb4 Nf6 41. Nxf6 Kxf6 42. Qf2 Qb5 43. Qxb6 Qe8 44. d7+ 1-0

[Event "4NCL Division Four"]
[Site "Warwick, ENG"]
[Date "2023.04.29"]
[Round "9.73"]
[White "Slonczuk, Pawel"]
[Black "Franco, Gaston"]
[Result "0-1"]
[WhiteElo "1678"]
[BlackElo "2108"]
[PlyCount "84"]
[EventDate "2023.04.29"]
[WhiteTeam "Anglian Avengers 2"]
[BlackTeam "Celtic Tigers 2"]

1. d4 d5 2. c4 e6 3. Nf3 Nf6 4. Nc3 Be7 5. Bf4 O-O 6. e3 c6 7. Bd3 dxc4 8. Bxc4 b5 9. Bd3 Nbd7 10. O-O Bb7 11. Rc1 a6 12. e4 c5 13. d5 b4 14. d6 bxc3 15. dxe7 Qxe7 16. Rxc3 Bxe4 17. Ra3 Bxd3 18. Qxd3 Nd5 19. Ng5 N7f6 20. Be5 Rfd8 21. Qf3 Ne8 22. Ne4 f6 23. Bc3 Nd6 24. Nd2 Nb5 25. Ba5 Nxa3 26. Bxd8 Rxd8 27. Qxa3 Nf4 28. Nc4 Qb7 29. f3 Qd5 30. Ne3 Qd4 31. Rd1 Nd3 32. Rxd3 Qxd3 33. Qxc5 Qb1+ 34. Kf2 Qxb2+ 35. Kg3 Qd4 36. Qe7 Qd6+ 37. Qxd6 Rxd6 38. Nf1 Rd3 39. Kf4 Ra3 40. Ne3 g5+ 41. Ke4 f5+ 42. Kd4 e5+ 0-1

[Event "4NCL Division Four"]
[Site "Warwick, ENG"]
[Date "2023.04.29"]
[Round "9.74"]
[White "Stevenson, James"]
[Black "Ferris, Oliver"]
[Result "1-0"]
[WhiteElo "1983"]
[BlackElo "1550"]
[PlyCount "57"]
[EventDate "2023.04.29"]
[WhiteTeam "Celtic Tigers 2"]
[BlackTeam "Anglian Avengers 2"]

1. e4 e5 2. f4 d5 3. Nf3 Nc6 4. exd5 Qxd5 5. Nc3 Qd6 6. fxe5 Nxe5 7. Qe2 Be7 8. Qxe5 Qxe5+ 9. Nxe5 Bf6 10. d4 Be6 11. Bf4 Ne7 12. O-O-O Rd8 13. Be2 c6 14. Bf3 Nd5 15. Nxd5 Bxd5 16. Bxd5 cxd5 17. Ng4 Rc8 18. Rhe1+ Kd7 19. Ne5+ Bxe5 20. Rxe5 Kc6 21. Rd3 Rcd8 22. Re7 Rc8 23. Rc3+ Kb6 24. Rb3+ Kc6 25. Rbxb7 Rhd8 26. b4 a6 27. a4 g5 28. b5+ axb5 29. axb5# 1-0

[Event "4NCL Division Four"]
[Site "Warwick, ENG"]
[Date "2023.04.29"]
[Round "9.75"]
[White "Collins, Nigel"]
[Black "Kitchen, Peter J"]
[Result "1/2-1/2"]
[WhiteElo "1454"]
[BlackElo "1698"]
[PlyCount "39"]
[EventDate "2023.04.29"]
[WhiteTeam "Anglian Avengers 2"]
[BlackTeam "Celtic Tigers 2"]

1. c4 e6 2. e4 d5 3. cxd5 exd5 4. exd5 Qxd5 5. Nc3 Qe5+ 6. Qe2 Qxe2+ 7. Bxe2 c6 8. d4 Nf6 9. Nf3 Bd6 10. Bg5 Nbd7 11. O-O h6 12. Bh4 O-O 13. Rfe1 b6 14. Bxf6 Nxf6 15. Ne5 Bb7 16. Bf3 Rac8 17. a3 Rfd8 18. Rad1 Rc7 19. b4 Bf8 20. h3 1/2-1/2

[Event "4NCL Division Four"]
[Site "Warwick, ENG"]
[Date "2023.04.29"]
[Round "9.76"]
[White "Sturt, Charles A"]
[Black "Saharkar, Sharvari"]
[Result "1-0"]
[WhiteElo "1697"]
[BlackElo "1391"]
[PlyCount "83"]
[EventDate "2023.04.29"]
[WhiteTeam "Celtic Tigers 2"]
[BlackTeam "Anglian Avengers 2"]

1. d4 c5 2. e4 e6 3. Nf3 g6 4. Nc3 Bg7 5. Be3 Nc6 6. Qd2 Nge7 7. dxc5 b6 8. cxb6 axb6 9. Be2 Bb7 10. O-O O-O 11. Bh6 f5 12. Bxg7 Kxg7 13. exf5 Nxf5 14. Nb5 Qe7 15. Rfd1 d5 16. Nbd4 Ncxd4 17. Nxd4 e5 18. Nxf5+ Rxf5 19. Bf3 Rd8 20. a4 Qh4 21. a5 e4 22. Qd4+ Kf8 23. g3 Qe7 24. Bxe4 Rf6 25. Bg2 Rc8 26. Re1 Qf7 27. a6 Ba8 28. Qd2 Rd8 29. Re2 Bc6 30. Rae1 Bb5 31. Qb4+ Kg8 32. Qxb5 Kf8 33. Qb4+ Kg8 34. Qa4 Kf8 35. c3 Rc8 36. Qa3+ Kg8 37. Qe7 Rc7 38. Qxf7+ Kxf7 39. Bxd5+ Kf8 40. Re8+ Kg7 41. R1e7+ Kh6 42. Rxc7 1-0

[Event "4NCL Division Four"]
[Site "Warwick, ENG"]
[Date "2023.04.29"]
[Round "9.81"]
[White "Jackson, Gary C"]
[Black "Levens, David G"]
[Result "1-0"]
[WhiteElo "1925"]
[BlackElo "1834"]
[PlyCount "47"]
[EventDate "2023.04.29"]
[WhiteTeam "Oxford 3"]
[BlackTeam "Ashfield 3"]

1. e4 c5 2. Nf3 Nc6 3. d4 cxd4 4. Nxd4 d6 5. Nc3 Nf6 6. Be3 g6 7. f3 Bg7 8. Qd2 h5 9. Be2 Bd7 10. h3 a6 11. O-O-O Rc8 12. g4 hxg4 13. hxg4 Rxh1 14. Rxh1 b5 15. Bh6 Bh8 16. Bf8 Nh5 17. Nxc6 Rxc6 18. gxh5 Qa5 19. hxg6 Bxc3 20. bxc3 Qxa2 21. gxf7+ Kd8 22. Bxe7+ Kc7 23. Bxd6+ Kb7 24. Qd4 1-0

[Event "4NCL Division Four"]
[Site "Warwick, ENG"]
[Date "2023.04.29"]
[Round "9.83"]
[White "Liu, Justin"]
[Black "Hill, Maurice J"]
[Result "1-0"]
[WhiteElo "1857"]
[BlackElo "1769"]
[PlyCount "111"]
[EventDate "2023.04.29"]
[WhiteTeam "Oxford 3"]
[BlackTeam "Ashfield 3"]

1. e4 g6 2. d4 d6 3. Nf3 Nf6 4. Nc3 Bg7 5. Be2 c6 6. a4 Nbd7 7. O-O Qc7 8. h3 O-O 9. Be3 Re8 10. a5 e5 11. dxe5 Nxe5 12. Qd2 Nxf3+ 13. Bxf3 Be6 14. Rfd1 Red8 15. Bg5 Rd7 16. Qf4 Ne8 17. Bg4 Bxg4 18. Qxg4 h6 19. Bh4 Bf6 20. Bg3 Rad8 21. f4 Kg7 22. Rd3 b5 23. e5 Be7 24. f5 dxe5 25. fxg6 Nf6 26. Rxd7 Rxd7 27. Qe2 fxg6 28. Bxe5 Qd8 29. Ne4 Kh7 30. Qf3 Kg7 31. Rf1 Rd5 32. Bxf6+ Bxf6 33. Qxf6+ Qxf6 34. Nxf6 Rd2 35. Ne8+ Kg8 36. Rf2 Rd1+ 37. Kh2 Re1 38. Nd6 Re6 39. Nb7 Kg7 40. b4 Re4 41. c3 Re3 42. Rf3 Rxf3 43. gxf3 Kf6 44. Kg3 Ke5 45. Nd8 Kd5 46. Kf4 c5 47. h4 a6 48. bxc5 Kxc5 49. Ke3 Kc4 50. Kd2 b4 51. cxb4 Kxb4 52. Nb7 Kb5 53. Ke3 Kc6 54. Ke4 Kxb7 55. Ke5 Kc6 56. Kf6 1-0

[Event "4NCL Division Four"]
[Site "Warwick, ENG"]
[Date "2023.04.29"]
[Round "9.84"]
[White "Taylor, Robert P"]
[Black "Gurner, Jem"]
[Result "0-1"]
[WhiteElo "1742"]
[BlackElo "1851"]
[PlyCount "84"]
[EventDate "2023.04.29"]
[WhiteTeam "Ashfield 3"]
[BlackTeam "Oxford 3"]

1. d4 Nf6 2. Bg5 e6 3. Nd2 d5 4. e3 Be7 5. Bd3 O-O 6. Ngf3 Nbd7 7. Qe2 c5 8. c3 b6 9. O-O Bb7 10. Ne5 Nxe5 11. dxe5 Ne4 12. Bf4 Qc7 13. Nf3 Rfd8 14. Rfd1 a6 15. a4 h6 16. h3 Bf8 17. Bh2 g6 18. Nd2 Bg7 19. f4 Nxd2 20. Rxd2 c4 21. Bc2 b5 22. Qg4 Qc5 23. Rd4 b4 24. cxb4 Qxb4 25. Rb1 Rac8 26. Bg3 h5 27. Qg5 Bc6 28. Bh4 Rf8 29. Bxg6 fxg6 30. Qxg6 Rce8 31. Bf6 Qb7 32. Bxg7 Qxg7 33. Qxh5 Bxa4 34. Rf1 Rf5 35. Qh4 Qh7 36. Qf2 Rh5 37. Kh2 Kh8 38. Qd2 Qc2 39. Qe1 Rg8 40. Rf2 Qg6 41. Rfd2 Bc2 42. Qg1 Rxh3+ 0-1

[Event "4NCL Division Four"]
[Site "Warwick, ENG"]
[Date "2023.04.29"]
[Round "9.85"]
[White "Wedge, David C"]
[Black "Pitts, Daniel"]
[Result "1-0"]
[WhiteElo "1887"]
[BlackElo "1717"]
[PlyCount "117"]
[EventDate "2023.04.29"]
[WhiteTeam "Oxford 3"]
[BlackTeam "Ashfield 3"]

1. e4 e6 2. d4 d5 3. Nc3 Nf6 4. e5 Nfd7 5. f4 c5 6. Nf3 Nc6 7. Be3 Be7 8. Be2 a6 9. Qd2 Qb6 10. Na4 Qb4 11. Nxc5 Nxc5 12. dxc5 Bxc5 13. Qxb4 Bxb4+ 14. c3 Be7 15. O-O b5 16. b4 Bb7 17. a4 bxa4 18. Rxa4 Nb8 19. Rfa1 Bd8 20. Bc5 Nd7 21. Bd4 Nb6 22. R4a2 Nc4 23. Nd2 Nxd2 24. Rxd2 Kd7 25. Rda2 Bc7 26. Bxa6 Bxa6 27. Rxa6 Rxa6 28. Rxa6 Rb8 29. Kf2 Kc8 30. Ke3 Kb7 31. Ra7+ Kc6 32. Bc5 Rb7 33. Rxb7 Kxb7 34. Kd4 Kc6 35. c4 dxc4 36. Kxc4 g6 37. b5+ Kb7 38. g4 Bd8 39. Kd3 Bh4 40. Kc4 Bd8 41. Kb4 Bh4 42. Bd4 Be7+ 43. Ka5 Bf8 44. b6 Be7 45. Kb5 Bd8 46. Bc5 Bh4 47. g5 Be1 48. Be3 Bc3 49. Kc5 Ba5 50. Kd6 Kc8 51. Kc6 Kd8 52. b7 Bc7 53. Bb6 h5 54. b8=Q+ Ke7 55. Qxc7+ Kf8 56. Bc5+ Kg7 57. Be7 h4 58. Bf6+ Kh7 59. Qxf7# 1-0

[Event "4NCL Division Four"]
[Site "Warwick, ENG"]
[Date "2023.04.29"]
[Round "9.86"]
[White "Fraser, Chris"]
[Black "Terry, Sean"]
[Result "0-1"]
[WhiteElo "1536"]
[BlackElo "1875"]
[PlyCount "50"]
[EventDate "2023.04.29"]
[WhiteTeam "Ashfield 3"]
[BlackTeam "Oxford 3"]

1. e4 e6 2. d4 d5 3. e5 c5 4. Be3 Qb6 5. dxc5 Bxc5 6. Bxc5 Qxc5 7. Nf3 Bd7 8. Qd4 Qxc2 9. Nbd2 Nc6 10. Qg4 Nge7 11. Be2 Ng6 12. O-O O-O 13. h4 Ngxe5 14. Nxe5 Nxe5 15. Qb4 a5 16. Rfc1 Qxc1+ 17. Rxc1 axb4 18. Rc7 Rxa2 19. Nf3 Nxf3+ 20. Bxf3 Bc6 21. b3 Rb2 22. h5 Rxb3 23. h6 Rxf3 24. hxg7 Kxg7 25. gxf3 b3 0-1

[Event "4NCL Division Four"]
[Site "Warwick, ENG"]
[Date "2023.04.29"]
[Round "9.91"]
[White "Wasilak, Piotr"]
[Black "Finn, Daniel"]
[Result "0-1"]
[WhiteElo "1951"]
[BlackElo "1818"]
[PlyCount "94"]
[EventDate "2023.04.29"]
[WhiteTeam "Iceni 2"]
[BlackTeam "Sussex Martlets 3"]

1. e4 e5 2. Nf3 Nc6 3. Bc4 Bc5 4. Nc3 d6 5. h3 Nf6 6. d3 Be6 7. Bxe6 fxe6 8. Na4 Bb4+ 9. c3 Ba5 10. b4 Bb6 11. Nxb6 axb6 12. Qb3 Qd7 13. Ng5 Nd8 14. f4 exf4 15. Bxf4 O-O 16. O-O h6 17. Nf3 Nxe4 18. Bh2 Rxf3 19. dxe4 Rxf1+ 20. Rxf1 Nf7 21. b5 Qe7 22. a4 Ng5 23. Qc4 Kh8 24. Bf4 Nf7 25. Qb4 e5 26. Be3 Nd8 27. Rf5 Qe8 28. Qc4 Ne6 29. Rf1 Qg6 30. Rf3 Kh7 31. Kh2 Qe8 32. Rf2 Qe7 33. Rf3 Re8 34. Qd5 Ra8 35. Qxb7 Qe8 36. Qd5 Rxa4 37. c4 Qg6 38. Rg3 Qf7 39. Rf3 Qg8 40. Qc6 Ra8 41. Qd7 Qe8 42. Rf7 Qxd7 43. Rxd7 Kg6 44. Bf2 Kf6 45. Bh4+ g5 46. Bf2 Rc8 47. h4 Nf8 0-1

[Event "4NCL Division Four"]
[Site "Warwick, ENG"]
[Date "2023.04.29"]
[Round "9.92"]
[White "Airlie, Arran"]
[Black "Rosenbach, Martin"]
[Result "1-0"]
[WhiteElo "1792"]
[BlackElo "1888"]
[PlyCount "85"]
[EventDate "2023.04.29"]
[WhiteTeam "Sussex Martlets 3"]
[BlackTeam "Iceni 2"]

1. e4 e6 2. d4 d5 3. e5 c5 4. c3 Qb6 5. Nf3 Nc6 6. Bd3 cxd4 7. O-O Bd7 8. Re1 dxc3 9. Nxc3 Bb4 10. Rb1 Bxc3 11. bxc3 Qc7 12. Ba3 b6 13. Ba6 Bc8 14. Bd6 Qd7 15. Bb5 a6 16. Bxc6 Qxc6 17. Nd4 Qb7 18. Qg4 g6 19. a4 Bd7 20. Rb4 a5 21. Rb5 Bxb5 22. Nxb5 Rc8 23. Qf3 Qc6 24. Ba3 Rd8 25. Qf4 Rd7 26. Rc1 h5 27. c4 dxc4 28. Nd6+ Rxd6 29. exd6 Qxa4 30. Qxc4 Qxc4 31. Rxc4 Kd8 32. Bb2 f6 33. Rc7 e5 34. Ra7 b5 35. Bc1 Nh6 36. Ra8+ Kd7 37. Rxh8 Nf5 38. Ra8 a4 39. Ba3 Nd4 40. Ra7+ Kd8 41. Bc5 Nc6 42. Bb6+ Kc8 43. Rc7+ 1-0

[Event "4NCL Division Four"]
[Site "Warwick, ENG"]
[Date "2023.04.29"]
[Round "9.93"]
[White "Gaffney, Samuel"]
[Black "Blades, Kit"]
[Result "1/2-1/2"]
[WhiteElo "1875"]
[BlackElo "1762"]
[PlyCount "81"]
[EventDate "2023.04.29"]
[WhiteTeam "Iceni 2"]
[BlackTeam "Sussex Martlets 3"]

1. d4 d5 2. c4 e6 3. Nc3 Be7 4. Nf3 Nf6 5. cxd5 exd5 6. Bg5 O-O 7. e3 h6 8. Bf4 Be6 9. Bd3 Nbd7 10. h3 c5 11. dxc5 Nxc5 12. O-O Qb6 13. Rb1 Rfc8 14. Nd4 Nfe4 15. Nce2 Bf6 16. f3 Nxd3 17. Qxd3 Nc5 18. Qd2 Nd7 19. Rfc1 Ne5 20. b3 Nc6 21. Nxc6 bxc6 22. Bd6 Re8 23. Bc5 Qb8 24. b4 Bf5 25. Rb3 Be7 26. Nd4 Bd7 27. Rbc3 Bd8 28. a4 Re5 29. Nb3 Rg5 30. Kh1 Bxh3 31. gxh3 Qg3 32. Nd4 Bf6 33. Qh2 Qh4 34. Rg1 Rxg1+ 35. Qxg1 Qxh3+ 36. Qh2 Qf1+ 37. Qg1 Qh3+ 38. Qh2 Qf1+ 39. Qg1 Qh3+ 40. Qh2 Qf1+ 41. Qg1 1/2-1/2

[Event "4NCL Division Four"]
[Site "Warwick, ENG"]
[Date "2023.04.29"]
[Round "9.95"]
[White "Lovell, Steve"]
[Black "Woods, Timothy J"]
[Result "0-1"]
[WhiteElo "1849"]
[BlackElo "1689"]
[PlyCount "68"]
[EventDate "2023.04.29"]
[WhiteTeam "Iceni 2"]
[BlackTeam "Sussex Martlets 3"]

1. e4 d6 2. d4 Nf6 3. Nc3 g6 4. Be2 Bg7 5. h4 h5 6. Nf3 c5 7. dxc5 Qa5 8. Bd2 Qxc5 9. O-O O-O 10. Rb1 Bg4 11. Be3 Qc8 12. Qd2 Nc6 13. Bh6 a6 14. a3 Qd8 15. Bxg7 Kxg7 16. Rbd1 Rc8 17. Qe3 Nd7 18. Ng5 Bxe2 19. Qxe2 Qb6 20. Nd5 Qxb2 21. Rb1 Qxa3 22. Rxb7 Nde5 23. Nxe7 Nd4 24. Qd1 Rc4 25. Re1 Nxc2 26. Qd5 Nxe1 27. Ne6+ fxe6 28. Nf5+ Kh8 29. Qxe6 N1f3+ 30. gxf3 Rc1+ 31. Kh2 Nxf3+ 32. Kh3 Nd4+ 33. Rb3 Qxb3+ 34. Qxb3 Nxb3 0-1

[Event "4NCL Division Four"]
[Site "Warwick, ENG"]
[Date "2023.04.29"]
[Round "9.96"]
[White "Wannasin Bell, Charlie"]
[Black "Feavyour, John A"]
[Result "0-1"]
[WhiteElo "1546"]
[BlackElo "1834"]
[PlyCount "80"]
[EventDate "2023.04.29"]
[WhiteTeam "Sussex Martlets 3"]
[BlackTeam "Iceni 2"]

1. e4 c5 2. Nf3 d6 3. Bb5+ Nc6 4. c4 Bd7 5. Nc3 Nf6 6. O-O g6 7. d4 cxd4 8. Nxd4 Bg7 9. Be3 O-O 10. Rc1 Ng4 11. Nc2 Nxe3 12. Nxe3 Rc8 13. Bxc6 Bxc6 14. Qg4 Bd7 15. Qg3 Be6 16. b3 a6 17. f4 f5 18. exf5 gxf5 19. Rfe1 Bd7 20. Kf1 e6 21. Ned5 Rf7 22. Ne3 Kh8 23. Nc2 Qf6 24. Re3 Bc6 25. Nb4 Be8 26. Rce1 Bd7 27. Qf3 a5 28. Qxb7 axb4 29. Qxb4 Qd4 30. g3 Qc5 31. Qxc5 dxc5 32. Rd1 Bd4 33. Red3 Bc6 34. a4 Rb7 35. Nb5 Bxb5 36. cxb5 Kg7 37. Rxd4 cxd4 38. Rxd4 Rc2 39. Rd1 Rxh2 40. Rc1 Rh1+ 0-1

[Event "4NCL Division Four"]
[Site "Warwick, ENG"]
[Date "2023.04.29"]
[Round "9.101"]
[White "Kothari, Jai"]
[Black "Veeturi, Yashvardhan"]
[Result "1-0"]
[WhiteElo "1982"]
[BlackElo "1511"]
[PlyCount "95"]
[EventDate "2023.04.29"]
[WhiteTeam "Guildford Young Guns"]
[BlackTeam "Cambridge University Y1"]

1. e4 c6 2. d4 d5 3. e5 Bf5 4. h4 h6 5. g4 Bh7 6. Bd3 Bxd3 7. Qxd3 c5 8. e6 c4 9. exf7+ Kxf7 10. Qf5+ Nf6 11. Nf3 Nc6 12. Ne5+ Kg8 13. Qe6+ Kh7 14. Nxc6 bxc6 15. g5 Qd7 16. Qf7 Qg4 17. Be3 Ne4 18. f3 Qg3+ 19. Kd1 Nf6 20. Nd2 Rg8 21. gxf6 exf6 22. h5 Rc8 23. Rg1 Qc7 24. Qg6+ Kh8 25. Bxh6 Bd6 26. Be3 Bf4 27. Bxf4 Qxf4 28. Rg4 Qh6 29. c3 Rce8 30. Rg2 Qe3 31. Kc2 Re6 32. Rh1 f5 33. Qxf5 Rf6 34. Qg6 Qe7 35. Qg5 a5 36. h6 g6 37. Qe5 Qxe5 38. dxe5 Re6 39. f4 Rf8 40. Rg4 Kh7 41. Nf3 Re7 42. Ng5+ Kh8 43. h7 Rf5 44. Rh6 Rxg5 45. Rxg5 Rxh7 46. Rgxg6 Rxh6 47. Rxh6+ Kg7 48. e6 1-0

[Event "4NCL Division Four"]
[Site "Warwick, ENG"]
[Date "2023.04.29"]
[Round "9.102"]
[White "Cann, Arthur"]
[Black "Sachdeva, Ronit"]
[Result "0-1"]
[WhiteElo "1317"]
[BlackElo "1890"]
[PlyCount "100"]
[EventDate "2023.04.29"]
[WhiteTeam "Cambridge University Y1"]
[BlackTeam "Guildford Young Guns"]

1. d4 d5 2. c4 c6 3. Nf3 Nf6 4. Bf4 dxc4 5. e3 b5 6. a4 e6 7. axb5 cxb5 8. Ne5 Bb4+ 9. Nc3 Bxc3+ 10. bxc3 Bb7 11. Qb1 Qb6 12. Nxc4 bxc4 13. Qxb6 axb6 14. Rxa8 Bxa8 15. Bxb8 b5 16. Bd6 Nd5 17. Kd2 Kd7 18. Bc5 Bc6 19. Be2 Ra8 20. Rc1 f5 21. f4 Ra2+ 22. Ke1 Nxe3 23. g3 Nd5 24. Kf2 Nf6 25. h3 Ne4+ 26. Ke3 Nxc5 27. dxc5 Bd5 28. Bf3 Bxf3 29. Kxf3 Kc6 30. Re1 Kxc5 31. Rxe6 Rd2 32. Re5+ Rd5 33. Ke3 Kd6 34. Rxd5+ Kxd5 35. g4 g6 36. Kf3 Kc5 37. gxf5 gxf5 38. Kg3 b4 39. cxb4+ Kxb4 40. Kh4 c3 41. Kg5 c2 42. Kxf5 c1=Q 43. Kg5 Qe3 44. Kg4 Kc5 45. f5 Kd5 46. h4 Ke4 47. Kh5 Qg1 48. Kh6 Kxf5 49. Kxh7 Kf6 50. h5 Qg7# 0-1

[Event "4NCL Division Four"]
[Site "Warwick, ENG"]
[Date "2023.04.29"]
[Round "9.103"]
[White "Sefton, Adam"]
[Black "Santosh Kumar, Darsh"]
[Result "1-0"]
[WhiteElo "1785"]
[BlackElo "1253"]
[PlyCount "61"]
[EventDate "2023.04.29"]
[WhiteTeam "Guildford Young Guns"]
[BlackTeam "Cambridge University Y1"]

1. d4 Nf6 2. c4 g6 3. Nc3 Bg7 4. e4 d6 5. Nf3 O-O 6. h3 Nbd7 7. g4 c5 8. Be3 b6 9. d5 Bb7 10. Qd2 e6 11. Bf4 e5 12. Bg5 Re8 13. h4 Qc8 14. Rg1 a6 15. h5 Rf8 16. Bh6 Rb8 17. Nh4 Qd8 18. Nf5 Bh8 19. Nxd6 Bg7 20. Nf5 Bh8 21. Bxf8 Kxf8 22. Qh6+ Ke8 23. hxg6 fxg6 24. Nh4 Qe7 25. Nxg6 hxg6 26. Qxh8+ Kf7 27. Qh4 Rg8 28. Bh3 g5 29. Qg3 Ke8 30. Bg2 Qg7 31. Nd1 1-0

[Event "4NCL Division Four"]
[Site "Warwick, ENG"]
[Date "2023.04.29"]
[Round "9.104"]
[White "Wang, Xiling"]
[Black "Welling, Zac"]
[Result "0-1"]
[WhiteElo "1204"]
[BlackElo "1665"]
[PlyCount "114"]
[EventDate "2023.04.29"]
[WhiteTeam "Cambridge University Y1"]
[BlackTeam "Guildford Young Guns"]

1. e4 c6 2. d4 d5 3. e5 Bf5 4. Nf3 e6 5. Bd3 Bxd3 6. Qxd3 c5 7. c3 Nc6 8. b3 cxd4 9. cxd4 Bb4+ 10. Bd2 Bxd2+ 11. Qxd2 Nge7 12. O-O O-O 13. Rc1 Rc8 14. Nc3 Qa5 15. Ne2 Qxd2 16. Nxd2 Nf5 17. Nf3 h5 18. h3 h4 19. Kf1 a6 20. g4 hxg3 21. fxg3 f6 22. g4 Nfe7 23. Kg2 fxe5 24. Nxe5 Nxe5 25. dxe5 Nc6 26. Rd1 a5 27. Nd4 Nxd4 28. Rxd4 Rc2+ 29. Kg3 Rff2 30. Ra4 b6 31. Rf4 Rxa2 32. Rxa2 Rxa2 33. Ra4 Rb2 34. Ra3 Re2 35. Kf4 Re4+ 36. Kf3 Rxe5 37. b4 axb4 38. Ra8+ Kf7 39. Rb8 Re4 40. Rxb6 Rc4 41. Rb7+ Kf6 42. g5+ Kxg5 43. Rxg7+ Kf6 44. Rg2 Rc3+ 45. Kg4 b3 46. Rf2+ Ke7 47. h4 Rc2 48. Rf1 b2 49. h5 Rc1 50. h6 Rxf1 51. h7 Rh1 52. h8=R Rxh8 53. Kg5 b1=Q 54. Kg4 Qe4+ 55. Kg5 Rg8+ 56. Kh5 Qg4+ 57. Kh6 Qg6# 0-1

[Event "4NCL Division Four"]
[Site "Warwick, ENG"]
[Date "2023.04.29"]
[Round "9.105"]
[White "Butcher, Nathaniel"]
[Black "Varuruchi, Shresht"]
[Result "1-0"]
[WhiteElo "1510"]
[BlackElo "1242"]
[PlyCount "55"]
[EventDate "2023.04.29"]
[WhiteTeam "Guildford Young Guns"]
[BlackTeam "Cambridge University Y1"]

1. c4 g6 2. Nc3 Bg7 3. g3 Nc6 4. Bg2 d6 5. e4 e5 6. Nge2 Nge7 7. O-O O-O 8. h3 Be6 9. d3 Qd7 10. Kh2 f5 11. exf5 Nxf5 12. Bd2 Rab8 13. Qc1 Nb4 14. Qb1 Nc6 15. f4 exf4 16. Bxf4 Nfe7 17. Qc1 Nf5 18. Rb1 Ne5 19. Qd2 c6 20. b3 Rbe8 21. d4 Nf7 22. d5 cxd5 23. cxd5 h6 24. dxe6 Qxe6 25. Bxh6 Bxh6 26. Qd3 Ne5 27. Qb5 b6 28. Bd5 1-0

[Event "4NCL Division Four"]
[Site "Warwick, ENG"]
[Date "2023.04.29"]
[Round "9.106"]
[White "Sharma, Reyansh"]
[Black "Swanson, Thales"]
[Result "0-1"]
[WhiteElo "1000"]
[BlackElo "1523"]
[PlyCount "104"]
[EventDate "2023.04.29"]
[WhiteTeam "Cambridge University Y1"]
[BlackTeam "Guildford Young Guns"]

1. e4 e5 2. Nf3 Nc6 3. Bc4 Nf6 4. Ng5 d5 5. exd5 Nxd5 6. Bxd5 Qxd5 7. Nc3 Qxg2 8. Rf1 Qxg5 9. d4 Qd8 10. d5 Nb4 11. a3 Na6 12. Be3 Bc5 13. Qd2 Bxe3 14. Qxe3 O-O 15. O-O-O Re8 16. h4 Qxh4 17. Rh1 Qf4 18. Qxf4 exf4 19. f3 Bf5 20. d6 cxd6 21. Rxd6 Rad8 22. Rxd8 Rxd8 23. Rh4 g5 24. Rh6 Kg7 25. Rh5 Kg6 26. Rh2 g4 27. fxg4 Bxg4 28. Rg2 Kf5 29. Rf2 h5 30. Ne2 Bxe2 31. Rxe2 f3 32. Rd2 Rxd2 33. Kxd2 Kg4 34. Ke3 Kg3 35. Ke4 f2 36. Kd5 f1=Q 37. Ke5 Qe2+ 38. Kd5 Qxc2 39. b4 Qb3+ 40. Kd4 Nxb4 41. Ke5 Qxa3 42. Kf6 Qe3 43. Kxf7 Qe5 44. Kg6 Qf4 45. Kxh5 Kf3 46. Kg6 Ke4 47. Kh5 Qg3 48. Kh6 Qg4 49. Kh7 Qg5 50. Kh8 Kf5 51. Kh7 Kf6 52. Kh8 Qg7# 0-1